| 000 | 01401ctm a2200277 i 4500 | ||
|---|---|---|---|
| 003 | SA-RiAUC | ||
| 005 | 20250410064220.0 | ||
| 008 | 250328s1978 su f m 00000 ara c | ||
| 040 |
_aSA-JeALM _bara _cSA-RiAUC _erda |
||
| 082 | 0 | 4 | _a412 |
| 090 |
_a412 _b ع ا ب |
||
| 100 | 1 |
_aالعايد، سليمان بن إبراهيم بن محمد، _d1374 هجري- _eمؤلف. |
|
| 245 | 1 | 0 |
_aكتاب الغرر المثلثة والدرر المبثثة لمجد الدين محمد بن يعقوب الفيروزآبادي 739-817 هـ. : _bتحقيقا ودراسة / _cإعداد سليمان بن إبراهيم بن محمد العايد. |
| 246 | 3 | 0 | _aالغرر المثلثة والدرر المبثثة |
| 264 | 0 |
_aمكة المكرمة : _bمكتبة نزار مصطفى الباز، _c1978 |
|
| 300 |
_a622 ورقة ؛ _c32 سم |
||
| 336 |
_aنص _btxt _2rdacontent _3أطروحة |
||
| 337 |
_aبدون وسيط _bn _2rdamedia |
||
| 338 |
_aمجلد _bnc _2rdacarrier |
||
| 500 | _aإشراف : راشد بن راجح الشريف. | ||
| 502 | _aأطروحة (ماجستير)-جامعة الملك عبد العزيز، 1398 هجري. | ||
| 650 | 7 |
_aاللغة العربية _xاشتقاق. _2aucsh |
|
| 700 | 1 |
_aالفيروزآبادي، محمد بن يعقوب بن محمد، _d729-817 هجري _eمؤلف. |
|
| 942 |
_2ddc _cBOOK _n0 |
||
| 949 |
_aSA-JeALM _d250328 _umohamedma123 _n1 |
||
| 999 |
_c6824 _d6824 |
||